Loading...
| Fine Arts - Visual | 0 | 5 | 1 | 1 | 45 | 101 | 119.60 | 2 | 5 | 0.00 | 0.00 |
| Fine Arts - Auditory | 0 | 4 | 0 | 0 | 40 | 95 | 107.00 | 2 | 4 | 0.00 | 0.00 |
| Science - Physics | 1 | 2 | 0 | 0 | 35 | 35 | 61.67 | 3 | 3 | 0.00 | 0.00 |
| Science - Biology | 1 | 2 | 1 | 0 | 30 | 50 | 71.00 | 3 | 3 | 0.00 | 0.00 |
| Mythology | 1 | 1 | 0 | 0 | 25 | 58 | 80.00 | 2 | 2 | 0.00 | 0.00 |
| Science - Other | 1 | 1 | 0 | 1 | 25 | 45 | 77.50 | 1 | 2 | 0.00 | 0.00 |
| Literature - American | 0 | 2 | 0 | 0 | 20 | 91 | 108.00 | 1 | 2 | 0.00 | 0.00 |
| Literature - European | 0 | 2 | 0 | 0 | 20 | 80 | 92.00 | 2 | 2 | 0.00 | 0.00 |
| History - American | 0 | 2 | 0 | 1 | 20 | 107 | 110.50 | 0 | 2 | 0.00 | 0.00 |
| Literature - World | 0 | 2 | 1 | 0 | 15 | 100 | 108.00 | 0 | 2 | 0.00 | 0.00 |
| Current Events | 0 | 1 | 0 | 0 | 10 | 130 | 130.00 | 0 | 1 | 0.00 | 0.00 |
| Religion | 0 | 1 | 0 | 0 | 10 | 129 | 129.00 | 1 | 1 | 0.00 | 0.00 |
| Philosophy | 0 | 1 | 1 | 0 | 5 | 134 | 134.00 | 1 | 1 | 0.00 | 0.00 |
| Science - Chemistry | 0 | 0 | 1 | 0 | -5 | 0.00 | 0 | 0 | 0.00 | 0.00 | |
| Social Science | 0 | 0 | 2 | 0 | -10 | 0.00 | 0 | 0 | 0.00 | 0.00 |